00625cam a22002417a 4500003000500000005001700005008004100022010000900063011000900072035000900081040000900090082001700099100002000116245002700136260005600163300001100219490002200230500001000252650001400262650002500276710006000301830002200361CHAP20220817041129.0971013s1990 r 00010 d a7066 a8038 a7263 cCHAP a080bL6 v.3200aHall, Edward T.13aEl lenguaje silencioso aMéxico, D.F. :bAlianza Editorial Mexicana,c1990 a231 p. 4aLos noventav; 32 a64-3214aLenguaje.14aPsicología social.0 aConsejo Nacional para la Cultura y las Artes. México. 4aLos noventav; 32